| 000 | 00935pab a2200169 454500 | ||
|---|---|---|---|
| 008 | 180718b2010 xxu||||| |||| 00| 0 eng d | ||
| 100 | _aSassower, Raphael | ||
| 245 | _aIs homo economics extinct? | ||
| 260 | _c2010 | ||
| 300 | _ap.603-615. | ||
| 362 | _aDec | ||
| 520 | _aThe classical view of "rational man" as the unit of analysis for economic behavior and marketplace exchange has been changed by the late twentieth century with the help of behavioral economics that considers predictable irrationality as a normal mode of behavior. Instead of revising neoclassical economics to fit contemporary economic crises, it is recommended to follow Adam Smith's original concerns for the social setting of individual behavior and to treat economic crises with pragmatic flexibility rather than with dogmatic ideology. - Reproduced. | ||
| 650 | _aEconomics | ||
| 773 | _aPhilosophy of Social Sciences | ||
| 908 | _aN | ||
| 909 | _a89905 | ||
| 999 |
_c89905 _d89905 |
||